Advanced accounting : (Record no. 5723)

MARC details
000 -LEADER
fixed length control field 00689nam a22002057a 4500
003 - CONTROL NUMBER IDENTIFIER
control field OSt
005 - DATE AND TIME OF LATEST TRANSACTION
control field 20251117134728.0
008 - FIXED-LENGTH DATA ELEMENTS--GENERAL INFORMATION
fixed length control field 251117b |||||||| |||| 00| 0 eng d
020 ## - INTERNATIONAL STANDARD BOOK NUMBER
International Standard Book Number 2013 edition.
040 ## - CATALOGING SOURCE
Original cataloging agency DWCL-Main lib
Transcribing agency OC
082 ## - DEWEY DECIMAL CLASSIFICATION NUMBER
Edition number 2013 edition.
Classification number Fil. 657.046 G934a 2013
100 ## - MAIN ENTRY--PERSONAL NAME
Personal name Guerrero, Pedro P.
245 ## - TITLE STATEMENT
Title Advanced accounting :
Remainder of title a practical approach, volume 1/
Statement of responsibility, etc. Pedro P. Guerrero
250 ## - EDITION STATEMENT
Edition statement 2013 edition.
260 ## - PUBLICATION, DISTRIBUTION, ETC.
Place of publication, distribution, etc. Manila :
Name of publisher, distributor, etc. GIC enterprises,
Date of publication, distribution, etc. c2013.
300 ## - PHYSICAL DESCRIPTION
Extent ix, 489 p. ; 23 cm.
Other physical details illustration;
Dimensions 23 cm.
650 ## - SUBJECT ADDED ENTRY--TOPICAL TERM
Topical term or geographic name entry element 1. Accounting.
650 ## - SUBJECT ADDED ENTRY--TOPICAL TERM
Topical term or geographic name entry element 2. Accounting--Problems, exercises, etc.
942 ## - ADDED ENTRY ELEMENTS (KOHA)
Source of classification or shelving scheme Dewey Decimal Classification
Koha item type Book-Filipiniana
Edition 2013 edition.
Call number prefix Fil.
Suppress in OPAC No

No items available.